Mlp lyrics- mlp theme song Quiz Stats

 Plays Quiz not verified by Sporcle

Support Sporcle.
Go Orange.
Score 0/69 Timer 08:00
0 Plays Today
lyric % Correct
my
99.1%
little
99.1%
my
99.1%
little
99.1%
my
99.1%
little
99.1%
my
99.1%
little
99.1%
my
99.1%
little
99.1%
my
99.1%
pony
98.9%
pony
98.9%
pony
98.9%
pony
98.9%
friends
89.4%
be
88.1%
to
87.9%
what
86.9%
friendship
86.6%
wonder
85.3%
used
85%
could
84%
magic
84%
magic
84%
you
82.4%
you
82.4%
you
82.4%
all
82.2%
all
82.2%
all
82.2%
a
82.1%
and
82.1%
and
82.1%
it
81.2%
lyric % Correct
fun
80.5%
an
80.1%
kindness
79.1%
of
78.6%
strong
78.3%
sharing
78%
me
77.5%
adventure
77.2%
heart
76.6%
easy
76.1%
big
76%
tons
75.8%
it's
75.5%
it's
75.5%
best
75.5%
makes
75.3%
with
75.1%
beautiful
74.1%
very
73.5%
complete
72.8%
until
69.6%
shared
69.5%
faithful
69%
i
67.7%
feat
63.4%
ahh
61.8%
ahh
61.8%
ahh
61.8%
ahh
61.8%
know
61.7%
you're
52.9%
ponies
44.2%
have
40.5%
did
30%

You're not logged in!

Compare scores with friends on all Sporcle quizzes.
OR
Log In

From the Vault

50 Flicks to Click (1995)

by MSUKent

These movies came out 20 years ago. Feeling nostalgic, anyone?

You Might Also Like...

Remove Ads.
Support Sporcle.
Get the best of Sporcle when you Go Orange. This ad-free experience offers more features, more stats, and more fun while also helping to support Sporcle. Thank you for becoming a member.

Show Comments

Extras

Created Mar 22, 2012ReportNominate
Tags:Pony

Top Quizzes Today


Score Distribution

Your Account Isn't Verified!

In order to create a playlist on Sporcle, you need to verify the email address you used during registration. Go to your Sporcle Settings to finish the process.

Report this User

Report this user for behavior that violates our Community Guidelines.

Details: